000 00709 a2200205 4500
001 63745
005 20260407155937.0
008 260407a1975 arg spa d
003 AR-UNSa-BCEJYS
040 _aAR-UNSa-BCEJYS
_bspa
_cAR-UNSa-BCEJYS
080 _a657(083.74)
_xNormas Contables
245 1 0 _aTratamiento contable de la incidencia de devaluaciones del peso argentino
264 1 _aBuenos Aires :
_bEdiciones Macchi
_c1975
300 _a12 p.
_c24 cm.
041 _aspa
942 _cBK
590 _aniveau_biblio:m niveau_hierar:0
100 1 _aFederación Argentina de Consejos Profesionales de Ciencias Económicas. Centro de Estudios Científicos y Técnicos
700 1 _aLuppi, Hugo Alberto
999 _c8305
_d8305